[Event "English Open 2025"]
[Site "Kenilworth ENG"]
[Date "2025.07.18"]
[Round "1.1"]
[White "Vitiugov, Nikita"]
[Black "Savidge, Daniel"]
[Result "1-0"]
[WhiteTitle "GM"]
[WhiteElo "2671"]
[BlackElo "2141"]
[WhiteFideId "4152956"]
[BlackFideId "450332"]
[EventDate "2025.07.18"]

1. d4 e6 2. Nf3 f5 3. Bf4 Nf6 4. e3 Be7 5. h3 d5 6. c4 Ne4 7. Nc3 c6 8. Be2 Nd7
9. Qc2 O-O 10. O-O Qe8 11. Bh2 Qg6 12. Rab1 b6 13. b4 Ba6 14. Qb3 Rfc8 15. Rfc1
Ndf6 16. Bd3 Qe8 17. Be5 c5 18. dxc5 bxc5 19. b5 Bb7 20. Ne2 Nd7 21. Ba1 Nb6 22.
a4 dxc4 23. Bxc4 Nxc4 24. Qxc4 Bd5 25. Qc2 Ng5 26. Nxg5 Bxg5 27. Nc3 Bb7 28. Re1
Qg6 29. f3 Rd8 30. Rbd1 Bh4 31. Rf1 Rxd1 32. Nxd1 Rd8 33. Be5 Rd5 34. Bb8 Bf6
35. Nc3 Rd8 36. Bxa7 Be5 37. Ne2 Bd6 38. Bb6 Rd7 39. Bxc5 Bc7 40. Qc4 Qf6 41.
Nf4 Bxf4 42. exf4 Rd2 43. Be3 1-0

[Event "English Open 2025"]
[Site "Kenilworth ENG"]
[Date "2025.07.18"]
[Round "1.2"]
[White "Lebedev, Lion"]
[Black "Adams, Michael"]
[Result "0-1"]
[BlackTitle "GM"]
[WhiteElo "2048"]
[BlackElo "2654"]
[WhiteFideId "551005492"]
[BlackFideId "400041"]
[EventDate "2025.07.18"]

1. d4 Nf6 2. c4 e6 3. Nf3 b6 4. g3 Ba6 5. b3 Bb4+ 6. Bd2 Be7 7. Bg2 d5 8. Ne5
O-O 9. O-O Bb7 10. Nc3 Na6 11. Bf4 c5 12. dxc5 Nxc5 13. Qd4 Nce4 14. Nxe4 dxe4
15. Rad1 Qxd4 16. Rxd4 Bc5 17. Rd2 Bb4 18. Rdd1 Rfd8 19. f3 Bc5+ 20. Kh1 h6 21.
g4 Be7 22. Be3 Bd6 23. Bd4 Bc7 24. Bc3 a5 25. a4 exf3 26. exf3 Kf8 27. Kg1 Ke7
28. Bb2 g5 29. Kf2 Rac8 30. h3 Bd6 31. Ke2 Bc5 32. Rd3 Rxd3 33. Nxd3 Bd6 34. h4
gxh4 35. Bd4 Nd7 36. Be3 Rh8 37. Rh1 Bg3 38. c5 bxc5 39. Nxc5 Bd5 40. b4 axb4
41. a5 b3 42. Rb1 Nxc5 43. Bxc5+ Kd7 44. Kd3 Rc8 45. Bd4 Rc2 0-1

[Event "English Open 2025"]
[Site "Kenilworth ENG"]
[Date "2025.07.18"]
[Round "1.3"]
[White "Maroroa Jones, Gawain C B"]
[Black "Norris, Zack"]
[Result "1-0"]
[WhiteTitle "GM"]
[WhiteElo "2653"]
[BlackElo "2032"]
[WhiteFideId "409561"]
[BlackFideId "343431216"]
[EventDate "2025.07.18"]

1. c4 c5 2. Nf3 g6 3. d4 cxd4 4. Nxd4 Bg7 5. e4 Nc6 6. Be3 Nf6 7. Nc3 Ng4 8.
Qxg4 Nxd4 9. Qd1 Nc6 10. Rc1 O-O 11. Be2 d6 12. O-O Be6 13. Qd2 Rc8 14. Nd5 b6
15. h3 f5 16. exf5 Bxf5 17. Rfd1 Qe8 18. Bf1 Qf7 19. Re1 Rfe8 20. Bg5 Ne5 21. b3
Be6 22. Rcd1 Bxd5 23. Qxd5 Qxd5 24. Rxd5 Rc5 25. f4 Nc6 26. Rxd6 Bd4+ 27. Kh1
Bf2 28. Ree6 exd6 29. Rxe8+ Kg7 30. Re2 Bg3 31. Re3 Bf2 32. Rf3 Be1 33. f5 Rxf5
34. Rxf5 gxf5 35. Bd3 Kg6 36. Bf4 Ne5 37. Bb1 Kf6 38. g3 Bb4 39. Kg2 Ng6 40. Bc1
Bc3 41. g4 Be5 42. Kf3 Nh4+ 43. Kf2 fxg4 44. hxg4 Ng6 45. Kf3 Nh4+ 46. Ke4 Ng6
47. b4 Ne7 48. a3 Ng6 49. Ba2 Ne7 50. c5 bxc5 51. bxc5 Ng6 52. c6 d5+ 53. Bxd5
Bc7 54. g5+ Ke7 55. Bg8 Nf8 56. Kd5 Bd6 57. g6 1-0

[Event "English Open 2025"]
[Site "Kenilworth ENG"]
[Date "2025.07.18"]
[Round "1.4"]
[White "Verbytski, Oleg"]
[Black "Royal, Shreyas"]
[Result "0-1"]
[BlackTitle "GM"]
[WhiteElo "1998"]
[BlackElo "2484"]
[WhiteFideId "495506"]
[BlackFideId "448869"]
[EventDate "2025.07.18"]

1. e4 c6 2. d4 d5 3. Nc3 dxe4 4. Nxe4 Nf6 5. Nxf6+ exf6 6. c3 Bd6 7. Bd3 O-O 8.
Qc2 Re8+ 9. Be3 h5 10. O-O-O Nd7 11. Nf3 Nf8 12. h3 Be6 13. g4 Bd5 14. Nh4 Bxh1
15. Rxh1 Qc7 16. gxh5 Bf4 17. Nf5 g6 18. Rg1 Kh8 19. Nh4 Rxe3 20. fxe3 Bxe3+ 21.
Kb1 Bxg1 22. Qc1 Qg3 23. Nxg6+ Nxg6 24. Qh6+ Kg8 25. Bc4 Nf8 26. Qxf6 Qg7 27.
Qf4 Re8 28. Kc2 Qh7+ 29. Kb3 b5 30. Qg3+ Qg7 31. Bxf7+ Kxf7 32. Qc7+ Kg8 0-1

[Event "English Open 2025"]
[Site "Kenilworth ENG"]
[Date "2025.07.18"]
[Round "1.5"]
[White "Clarke, Brandon G I"]
[Black "Okhai, Shabir"]
[Result "1-0"]
[WhiteTitle "IM"]
[WhiteElo "2500"]
[BlackElo "2089"]
[WhiteFideId "400319"]
[BlackFideId "445134"]
[EventDate "2025.07.18"]

1. e4 e5 2. Nf3 Nc6 3. d4 exd4 4. Nxd4 Bc5 5. Nf5 d5 6. Nxg7+ Kf8 7. Nh5 Qh4 8.
Ng3 Nf6 9. Be2 Rg8 10. Nc3 dxe4 11. O-O Be6 12. Be3 Bd6 13. Nb5 Be5 14. Nd4 Nxd4
15. Bxd4 Rd8 16. Bxe5 Rxd1 17. Raxd1 Ng4 18. Bxg4 Bxg4 19. Rd4 Qe7 20. Rxe4 Be6
21. Rd1 Rg6 22. Bc3 Rg4 23. Re3 Qg5 24. Rf3 f5 25. h3 Rc4 26. Nxf5 Bxf5 27. Rd5
Qc1+ 28. Kh2 Qxc2 29. Rfxf5+ Ke7 30. Rfe5+ Kf7 31. Rd7+ Kf8 32. Ree7 Rxc3 33.
Rf7+ Ke8 34. bxc3 Qxa2 35. Rfe7+ Kf8 36. Rxh7 Kg8 37. Rdg7+ Kf8 38. Rxc7 1-0

[Event "English Open 2025"]
[Site "Kenilworth ENG"]
[Date "2025.07.18"]
[Round "1.6"]
[White "Burrows, Martin P"]
[Black "Ghasi, Ameet K"]
[Result "1-0"]
[BlackTitle "GM"]
[WhiteElo "2057"]
[BlackElo "2511"]
[WhiteFideId "409057"]
[BlackFideId "409200"]
[EventDate "2025.07.18"]

1. e4 c6 2. d4 d5 3. e5 Bf5 4. Nf3 e6 5. Be2 Nd7 6. O-O a5 7. a4 f6 8. Nbd2 Nh6
9. Nb3 Nf7 10. Bf4 g5 11. Bg3 h5 12. exf6 h4 13. Be5 g4 14. Nfd2 Ndxe5 15. dxe5
Nxe5 16. f7+ Kd7 17. c4 g3 18. cxd5 cxd5 19. Rc1 Qb6 20. Nc4 Nxc4 21. Bxc4 gxf2+
22. Rxf2 Bh6 23. Bb5+ Ke7 24. Nd4 Be4 25. Rc3 Bg7 26. Ne2 Raf8 27. Be8 Bxc3 28.
Nxc3 Bg6 29. Qg4 Be4 30. Qg5+ Kd6 31. Nb5+ Kc5 32. Qe3+ 1-0

[Event "English Open 2025"]
[Site "Kenilworth ENG"]
[Date "2025.07.18"]
[Round "1.7"]
[White "Wadsworth, Matthew J"]
[Black "Yu, Rock"]
[Result "1-0"]
[WhiteTitle "IM"]
[WhiteElo "2476"]
[BlackElo "2099"]
[WhiteFideId "415804"]
[BlackFideId "489000"]
[EventDate "2025.07.18"]

1. d4 Nf6 2. c4 e6 3. g3 d5 4. Bg2 Be7 5. Nf3 Ne4 6. Nc3 f5 7. Bf4 c6 8. Qc1 O-O
9. O-O Bd7 10. Ne5 Bf6 11. Rd1 Be8 12. Nxe4 fxe4 13. f3 exf3 14. Nxf3 Nd7 15.
Bh3 Bf7 16. c5 b6 17. Ng5 Re8 18. Nxf7 Kxf7 19. Bd6 bxc5 20. dxc5 Nb6 21. Bf4
Nc4 22. b3 e5 23. bxc4 exf4 24. Qxf4 Re4 25. Qf5 g6 26. Qf3 Rxc4 27. Rf1 Kg7 28.
Rab1 Be5 29. Rb7+ Kh8 30. Qf7 Qg8 31. Qxg8+ Rxg8 32. Be6 Rxc5 33. Rff7 1-0

[Event "English Open 2025"]
[Site "Kenilworth ENG"]
[Date "2025.07.18"]
[Round "1.8"]
[White "Martin, Lewis"]
[Black "Roberson, Peter T"]
[Result "0-1"]
[WhiteTitle "FM"]
[BlackTitle "IM"]
[WhiteElo "2038"]
[BlackElo "2433"]
[WhiteFideId "410551"]
[BlackFideId "412384"]
[EventDate "2025.07.18"]

1. e4 e6 2. d4 d5 3. Nd2 c5 4. exd5 Qxd5 5. dxc5 Qxc5 6. Ngf3 Nf6 7. Bd3 Nbd7 8.
O-O Be7 9. Qe2 O-O 10. Nc4 b6 11. Bf4 Bb7 12. Rad1 Qh5 13. Nd4 Nc5 14. Qxh5 Nxh5
15. Bd6 Bxd6 16. Nxd6 Nxd3 17. Rxd3 Bxg2 18. Rfd1 Rfd8 19. Ne2 Bc6 20. c4 Rd7
21. b4 Rad8 22. c5 bxc5 23. bxc5 Kf8 24. Ra3 Rc7 25. Rb1 e5 26. Re3 f6 27. f3 g5
28. Nc3 Nf4 29. Ncb5 Rb8 30. Reb3 Rd7 31. Na3 Rxb3 32. Rxb3 Ke7 33. Kf2 Ke6 34.
Rb8 Nd3+ 0-1

[Event "English Open 2025"]
[Site "Kenilworth ENG"]
[Date "2025.07.18"]
[Round "1.9"]
[White "Willow, Jonah B"]
[Black "Clarke, James"]
[Result "1-0"]
[WhiteTitle "IM"]
[WhiteElo "2457"]
[BlackElo "1941"]
[WhiteFideId "438804"]
[BlackFideId "463140"]
[EventDate "2025.07.18"]

1. Nf3 Nf6 2. c4 e6 3. g3 d5 4. Bg2 Be7 5. O-O O-O 6. b3 c5 7. cxd5 Nxd5 8. d4
cxd4 9. Nxd4 Bf6 10. Bb2 Nc6 11. Nxc6 bxc6 12. Qc1 Ba6 13. Bf3 Rc8 14. Nd2 c5
15. Bxf6 Nxf6 16. Nc4 Qc7 17. Qc2 Rfd8 18. Rfc1 Nd5 19. Qb2 Bxc4 20. Rxc4 Nb6
21. Rc2 Qd6 22. Rac1 Rc7 23. Qa3 Rdc8 24. Qa6 Qe7 25. a3 h6 26. Be4 g6 27. Bd3
Kg7 28. Qa5 e5 29. Ba6 Rd8 30. Rxc5 Rd1+ 31. Rxd1 Rxc5 32. Qb4 Qc7 33. Qe4 Rc1
34. Rxc1 Qxc1+ 35. Kg2 Qxa3 36. Qxe5+ Kh7 37. Bc4 Nxc4 38. bxc4 Qb4 39. Qd5 Kg7
40. c5 a5 41. c6 Qb6 42. Qc4 g5 43. c7 Qb7+ 44. e4 Qc8 45. Qd4+ Kg6 46. Qd8 Qe6
47. Qd5 Qa6 48. Qf5+ 1-0

[Event "English Open 2025"]
[Site "Kenilworth ENG"]
[Date "2025.07.18"]
[Round "1.10"]
[White "Sasikumar, Srivathsan"]
[Black "Harvey, Marcus R"]
[Result "0-1"]
[BlackTitle "IM"]
[WhiteElo "2038"]
[BlackElo "2445"]
[WhiteFideId "343401279"]
[BlackFideId "400092"]
[EventDate "2025.07.18"]

1. e4 g6 2. d4 Bg7 3. Nc3 d6 4. f4 c6 5. Nf3 b5 6. a3 a6 7. Be2 Nd7 8. O-O Nb6
9. Be3 Nf6 10. h3 a5 11. b4 O-O 12. Qd2 Qc7 13. Rfd1 Na4 14. Nxa4 Nxe4 15. Qe1
bxa4 16. Bd3 Nf6 17. c4 axb4 18. Qxb4 Bd7 19. Rab1 Rfb8 20. Qd2 Nh5 21. Qc2 Qa5
22. Bd2 Qa7 23. Be3 Rb3 24. Rxb3 axb3 25. Qxb3 Qxa3 26. Qb7 Nf6 27. Ne1 Rd8 28.
Nc2 Qc3 29. Qb6 Ra8 30. Qb7 Ra2 31. Qb1 Rb2 32. Qc1 Bf5 33. Bxf5 gxf5 34. Ne1
Qxc1 35. Rxc1 Ne4 36. Nf3 Rb3 37. Re1 h5 38. Kh2 Bf6 39. Bg1 Rc3 40. c5 dxc5 41.
dxc5 Rc4 42. Re2 e6 43. Nd2 Nxd2 44. Rxd2 Be7 45. Bd4 f6 46. Kg3 Kf7 47. Rd3 Ra4
48. Be3 e5 49. Rd7 Ra3 50. Kf2 Ra2+ 51. Kg1 exf4 52. Bxf4 Ke6 53. Rc7 Bxc5+ 54.
Kh2 Kd5 55. Rd7+ Ke4 56. Bg3 f4 57. Bh4 f3 0-1

[Event "English Open 2025"]
[Site "Kenilworth ENG"]
[Date "2025.07.18"]
[Round "1.11"]
[White "Badacsonyi, Stanley"]
[Black "Sachdeva, Ronit"]
[Result "1-0"]
[WhiteTitle "FM"]
[WhiteElo "2318"]
[BlackElo "2060"]
[WhiteFideId "486973"]
[BlackFideId "343401589"]
[EventDate "2025.07.18"]

1. d4 d5 2. c4 c6 3. cxd5 cxd5 4. Bf4 Nc6 5. e3 Nf6 6. Nc3 a6 7. Be2 Bf5 8. Nf3
e6 9. Qb3 Nh5 10. Be5 Na5 11. Qa4+ Nc6 12. h3 Nf6 13. O-O Be7 14. Rfc1 O-O 15.
Bg3 Qb6 16. Qd1 Qxb2 17. Nh4 Ne4 18. Na4 Qa3 19. Nxf5 exf5 20. Bf4 Bd6 21. Bxd6
Qxd6 22. Rab1 b5 23. Nc5 b4 24. Nxe4 fxe4 25. Qa4 Rfc8 26. Bg4 Rc7 27. Rc5 h5
28. Bxh5 g6 29. Be2 Rcc8 30. Rbc1 Ne7 31. Qxb4 Kg7 32. Qa5 f5 33. Rxc8 Rxc8 34.
Rxc8 Nxc8 35. Bxa6 Ne7 36. Bb5 f4 37. exf4 Qxf4 38. Qd8 Qc1+ 39. Bf1 Kf7 40. Qd6
Qa1 41. Qf4+ Ke6 42. Qe5+ Kf7 43. a4 Qxa4 44. Be2 Qc6 45. Bg4 Qf6 46. Qxf6+ Kxf6
47. Bd7 Ng8 48. h4 Ke7 49. Bc6 Kd6 50. Be8 Ne7 51. g4 Ke6 52. Kg2 Kf6 53. g5+
Ke6 54. Kh3 Nf5 55. Bxg6 Nxd4 56. Kg4 Nf3 57. h5 Ne5+ 58. Kf4 Nd3+ 59. Kg3 Ne5
60. Bh7 Kf7 61. Bf5 Nc4 62. Kf4 Kg7 63. h6+ Kh8 64. g6 1-0

[Event "English Open 2025"]
[Site "Kenilworth ENG"]
[Date "2025.07.18"]
[Round "1.12"]
[White "Varley, Joe"]
[Black "Jackson, James P"]
[Result "0-1"]
[BlackTitle "IM"]
[WhiteElo "2023"]
[BlackElo "2371"]
[WhiteFideId "461962"]
[BlackFideId "416860"]
[EventDate "2025.07.18"]

1. e4 c5 2. Nf3 d6 3. Bb5+ Bd7 4. Bxd7+ Qxd7 5. c4 Nc6 6. Nc3 g6 7. d4 cxd4 8.
Nxd4 Bg7 9. Be3 Nf6 10. f3 O-O 11. O-O a6 12. Qd3 Rab8 13. Nxc6 bxc6 14. b3 Qb7
15. Rac1 Nd7 16. Qc2 Nc5 17. Rfd1 a5 18. Rb1 Rfd8 19. f4 e5 20. f5 Qe7 21. Rf1
Bf6 22. Rf3 Bg5 23. Qd2 Bxe3+ 24. Qxe3 f6 25. Rg3 g5 26. h4 g4 27. Qh6 Kh8 28.
Rxg4 Rg8 29. Rg6 Nd3 30. Ne2 Qa7+ 31. Kh2 Nf2 32. Rxg8+ Kxg8 33. Qh5 Qe3 34. Qf3
Qxe4 35. Qxe4 Nxe4 36. Rd1 Rd8 37. a3 d5 38. b4 axb4 39. axb4 d4 40. Ng3 Nc3 41.
Ra1 d3 42. Nh5 d2 43. Nxf6+ Kf7 44. Ng4 d1=Q 45. Nxe5+ Kf6 46. Rxd1 Rxd1 47.
Nxc6 Kxf5 48. b5 Kf4 49. Na7 Ne4 50. b6 Ng3 51. b7 Rh1# 0-1

[Event "English Open 2025"]
[Site "Kenilworth ENG"]
[Date "2025.07.18"]
[Round "1.13"]
[White "Emms, John M"]
[Black "Mason, Donald J"]
[Result "1-0"]
[WhiteTitle "GM"]
[WhiteElo "2417"]
[BlackElo "2011"]
[WhiteFideId "400254"]
[BlackFideId "405116"]
[EventDate "2025.07.18"]

1. e4 e5 2. Nf3 Nc6 3. Bc4 Nf6 4. d3 h6 5. c3 d6 6. a4 g5 7. Qb3 Qd7 8. a5 a6 9.
Nbd2 Bg7 10. Nf1 O-O 11. Ng3 Ne7 12. O-O c6 13. Qc2 Qc7 14. d4 Ng6 15. dxe5 dxe5
16. Be3 g4 17. Nd2 h5 18. b4 h4 19. Nf5 Bxf5 20. exf5 Nf4 21. Ne4 N6d5 22. Qd1 1-0

[Event "English Open 2025"]
[Site "Kenilworth ENG"]
[Date "2025.07.18"]
[Round "1.14"]
[White "Schell, Finn"]
[Black "Hebden, Mark L"]
[Result "0-1"]
[BlackTitle "GM"]
[WhiteElo "1995"]
[BlackElo "2355"]
[WhiteFideId "343406378"]
[BlackFideId "400084"]
[EventDate "2025.07.18"]

1. e4 e5 2. Nf3 Nc6 3. Bb5 a6 4. Ba4 Nf6 5. d3 d6 6. c3 Be7 7. O-O b5 8. Bc2 O-O
9. Re1 Re8 10. Nbd2 Bf8 11. Nf1 Bb7 12. Ng3 h6 13. h3 d5 14. Qe2 g6 15. Be3 Nb8
16. d4 exd4 17. cxd4 dxe4 18. Ne5 Nbd7 19. Rad1 Qe7 20. Bf4 Rad8 21. Nxe4 Nxe5
22. Nxf6+ Qxf6 23. Bxe5 Qc6 24. Be4 Qxe4 25. Qxe4 Bxe4 26. Rxe4 c5 27. Rde1 cxd4
28. Bf6 Rxe4 29. Rxe4 Rd6 30. Be5 Re6 31. f3 f5 32. Re1 Bb4 0-1

[Event "English Open 2025"]
[Site "Kenilworth ENG"]
[Date "2025.07.18"]
[Round "1.15"]
[White "Merry, Alan B"]
[Black "Marsden, Samuel"]
[Result "1-0"]
[WhiteTitle "IM"]
[WhiteElo "2400"]
[BlackElo "2065"]
[WhiteFideId "418811"]
[BlackFideId "343452841"]
[EventDate "2025.07.18"]

1. d4 Nf6 2. c4 e6 3. g3 Bb4+ 4. Bd2 Qe7 5. Bg2 Nc6 6. e3 e5 7. dxe5 Nxe5 8. Qc2
Qd6 9. Nf3 Bxd2+ 10. Nbxd2 Nd3+ 11. Ke2 Nb4 12. Qc3 O-O 13. a3 Nc6 14. b4 b6 15.
Rhd1 Qe7 16. Kf1 a5 17. Rab1 axb4 18. axb4 Ra4 19. Ne1 Bb7 20. Nd3 Rfa8 21. c5
b5 22. Ra1 Ng4 23. Rxa4 Rxa4 24. h3 Nf6 25. Ra1 h6 26. Rxa4 bxa4 27. b5 Nd8 28.
Qb4 Bxg2+ 29. Kxg2 Qe6 30. Qxa4 Qd5+ 31. Nf3 Qxd3 32. Qa8 Qxb5 33. Qxd8+ Kh7 34.
Qxc7 Qe2 35. Qe5 Qc2 36. g4 Kg8 37. Nd4 Qc4 38. h4 Qa2 39. Qf5 Qa8+ 40. Kh2 Qb8+
41. Kg1 Qb4 42. g5 hxg5 43. hxg5 Nh7 44. Nf3 Nf8 45. Kg2 Ne6 46. Ne5 f6 47. gxf6
Qb7+ 48. c6 1-0

[Event "English Open 2025"]
[Site "Kenilworth ENG"]
[Date "2025.07.18"]
[Round "1.16"]
[White "Sefton, Adam"]
[Black "Richardson, John R"]
[Result "0-1"]
[BlackTitle "FM"]
[WhiteElo "2047"]
[BlackElo "2270"]
[WhiteFideId "343400965"]
[BlackFideId "401617"]
[EventDate "2025.07.18"]

1. e4 c6 2. d4 d5 3. e5 Bf5 4. h4 h5 5. Bd3 Bxd3 6. Qxd3 Qa5+ 7. Nd2 e6 8. Nf3
Qa6 9. c4 Nh6 10. b3 Nd7 11. O-O Nf5 12. Rd1 Be7 13. g3 c5 14. dxc5 Nxc5 15. Qc2
Rd8 16. Bb2 O-O 17. cxd5 Rxd5 18. Nc4 Rxd1+ 19. Qxd1 b5 20. Ne3 Nxe3 21. fxe3
Ne4 22. Nd4 Nxg3 23. Qf3 Bxh4 24. Qf4 g5 25. Qf6 Qb7 26. Kh2 Ne4 27. Qh6 Qc7 28.
Kg1 Bf2+ 29. Kg2 Bxe3 30. Kf3 Bxd4 31. Bxd4 Qc2 32. Qxh5 Nd2+ 33. Kg4 Qf5+ 34.
Kg3 Ne4+ 35. Kg2 Rc8 36. Qe2 Nc3 37. Qf3 a5 38. Rc1 b4 39. Qe3 Rd8 40. Bxc3 Rd3
41. Qe2 Qh3+ 0-1

[Event "English Open 2025"]
[Site "Kenilworth ENG"]
[Date "2025.07.18"]
[Round "1.17"]
[White "Bates, Richard A"]
[Black "Pick, Freddie"]
[Result "1/2-1/2"]
[WhiteTitle "IM"]
[WhiteElo "2292"]
[BlackElo "1934"]
[WhiteFideId "403555"]
[BlackFideId "343454097"]
[EventDate "2025.07.18"]

1. d4 Nf6 2. Nf3 g6 3. g3 Bg7 4. c4 O-O 5. Bg2 d6 6. O-O Nc6 7. Nc3 e5 8. dxe5
dxe5 9. Bg5 Be6 10. Qa4 h6 11. Rfd1 Nd4 12. Bxf6 Qxf6 13. Rac1 c6 14. Nxd4 exd4
15. Ne4 Qe7 16. c5 Bd5 17. Qc2 Bxe4 18. Qxe4 1/2-1/2

[Event "English Open 2025"]
[Site "Kenilworth ENG"]
[Date "2025.07.18"]
[Round "1.18"]
[White "Welling, Zac"]
[Black "Shearsby, Jude"]
[Result "0-1"]
[BlackTitle "CM"]
[WhiteElo "1966"]
[BlackElo "2224"]
[WhiteFideId "343414729"]
[BlackFideId "462527"]
[EventDate "2025.07.18"]

1. e4 c5 2. Nf3 d6 3. Bb5+ Nd7 4. c3 Nf6 5. Qe2 a6 6. Ba4 e5 7. O-O Be7 8. Rd1
O-O 9. d3 Re8 10. Nbd2 b5 11. Bc2 Nf8 12. Nf1 Ng6 13. a4 Bd7 14. h3 Nh5 15. Ng3
Nhf4 16. Qf1 Qc8 17. Kh2 Rf8 18. Ne2 Nh5 19. Ng3 Nhf4 20. Ne2 Nxe2 21. Qxe2 Qc7
22. d4 exd4 23. cxd4 Bf6 24. Be3 Rfe8 25. Kg1 Bc6 26. d5 Bd7 27. Rab1 bxa4 28.
Bd3 Qb7 29. Nd2 Bb5 30. f3 Bd4 31. Nf1 Nf4 32. Qf2 Nxd3 33. Qd2 Bxe3+ 34. Nxe3
Qe7 35. Nf5 Qf6 36. Qc2 Nf4 37. Qf2 Ne2+ 38. Kh1 Nd4 39. Ne3 Rxe4 40. Ng4 Rxg4
41. hxg4 Qh6+ 42. Kg1 Ne2+ 43. Kf1 Ng3+ 0-1

[Event "English Open 2025"]
[Site "Kenilworth ENG"]
[Date "2025.07.18"]
[Round "1.19"]
[White "Merriman, John"]
[Black "Patel, Keatan"]
[Result "1/2-1/2"]
[WhiteTitle "FM"]
[WhiteElo "2194"]
[BlackElo "1990"]
[WhiteFideId "402362"]
[BlackFideId "477613"]
[EventDate "2025.07.18"]

1. d4 d5 2. c4 e6 3. Nc3 c6 4. e3 Nf6 5. Nf3 Nbd7 6. Qc2 Bd6 7. Bd2 O-O 8. O-O-O
Qe7 9. Kb1 dxc4 10. Bxc4 b5 11. Bd3 a6 12. e4 e5 13. dxe5 Bxe5 14. Rhe1 Ng4 15.
Re2 Rd8 16. h3 Ngf6 17. Be3 Bb7 18. Ree1 Rac8 19. Nxe5 Nxe5 20. Bf1 Rxd1+ 21.
Rxd1 Rd8 22. Rxd8+ Qxd8 23. f4 Ng6 24. Bd3 c5 25. b3 Nh5 1/2-1/2

[Event "English Open 2025"]
[Site "Kenilworth ENG"]
[Date "2025.07.18"]
[Round "1.20"]
[White "Myall, Ivan J"]
[Black "Jones, Steven A"]
[Result "0-1"]
[WhiteElo "1948"]
[BlackElo "2184"]
[WhiteFideId "425168"]
[BlackFideId "419630"]
[EventDate "2025.07.18"]

1. e4 e5 2. Bc4 Nc6 3. Nc3 Nf6 4. d3 Bc5 5. f4 d5 6. exd5 Bg4 7. Qd2 exf4 8.
Qxf4 Nd4 9. Qe5+ Kd7 10. Kd2 Re8 11. Qf4 g5 12. Qf1 Qe7 13. Ne4 Nxe4+ 14. dxe4
Qxe4 15. Bb5+ c6 16. dxc6+ bxc6 17. Bxc6+ Kxc6 18. Qa6+ Kc7 19. Qa5+ Kb7 0-1

[Event "English Open 2025"]
[Site "Kenilworth ENG"]
[Date "2025.07.18"]
[Round "1.21"]
[White "Fellowes, Billy"]
[Black "Mesropyan, Hayk"]
[Result "0-1"]
[WhiteTitle "CM"]
[WhiteElo "2193"]
[BlackElo "1892"]
[WhiteFideId "483540"]
[BlackFideId "499455"]
[EventDate "2025.07.18"]

1. d4 d5 2. Bf4 Nf6 3. Nf3 Bf5 4. e3 e6 5. Nbd2 Be7 6. Bd3 Bxd3 7. cxd3 O-O 8.
Qb3 b6 9. Rc1 c5 10. dxc5 bxc5 11. Ne5 Qb6 12. O-O Nh5 13. Qa4 Nxf4 14. exf4 Bd6
15. Nb3 Qa6 16. Qa5 Qxa5 17. Nxa5 Rc8 18. b4 Na6 19. b5 Bxe5 20. fxe5 Nb4 21.
Rcd1 Nxa2 22. Nc6 Rc7 23. Ra1 Nc3 24. Ra6 Nxb5 25. Rc1 Rac8 26. Rxc5 Nd4 27.
Nxd4 Rxc5 28. g3 Rc3 29. Rxa7 Rxd3 30. Nb5 Rd1+ 31. Kg2 Re1 32. Nd6 Rf8 33. f4
Re2+ 34. Kf3 Rxh2 35. f5 Rb2 36. g4 Rb3+ 37. Kf4 Rb4+ 38. Kf3 Rb6 39. Kf4 h6 40.
Kf3 Rc6 41. Kf4 Rc1 42. Kf3 Rf1+ 43. Ke3 h5 44. gxh5 exf5 45. Ke2 Rh1 46. Nxf5
Rxh5 47. Ne7+ Kh7 48. Kd3 Rxe5 49. Kd4 Re6 50. Nxd5 f5 51. Ra1 Rd8 0-1

[Event "English Open 2025"]
[Site "Kenilworth ENG"]
[Date "2025.07.18"]
[Round "1.22"]
[White "Vaddhireddy, Sai"]
[Black "Dishman, Stephen"]
[Result "0-1"]
[BlackTitle "FM"]
[WhiteElo "1946"]
[BlackElo "2274"]
[WhiteFideId "499560"]
[BlackFideId "403024"]
[EventDate "2025.07.18"]

1. d4 d5 2. c4 c6 3. cxd5 cxd5 4. Bf4 Nc6 5. e3 Nf6 6. Nc3 Bf5 7. Qb3 Na5 8.
Qa4+ Bd7 9. Qc2 e6 10. Bd3 Nc6 11. Qe2 Be7 12. Nf3 Nh5 13. Be5 Nxe5 14. Nxe5 Nf6
15. g4 Qa5 16. O-O Bc6 17. a3 Bd6 18. b4 Qd8 19. f4 Bxe5 20. fxe5 Ne4 21. Bxe4
dxe4 22. Nb5 O-O 23. Nd6 f6 24. Qg2 fxe5 25. dxe5 Qg5 26. Qg3 Rf3 27. Rxf3 exf3
28. Qf4 Qg6 29. Qc4 Bd5 30. Qf4 Rf8 0-1

[Event "English Open 2025"]
[Site "Kenilworth ENG"]
[Date "2025.07.18"]
[Round "1.23"]
[White "Carroll, Thomas"]
[Black "Bevis, Noah"]
[Result "1/2-1/2"]
[WhiteElo "2124"]
[BlackElo "1934"]
[WhiteFideId "450111"]
[BlackFideId "343434630"]
[EventDate "2025.07.18"]

1. d4 Nf6 2. Nf3 g6 3. Bg5 Bg7 4. Nbd2 d5 5. e3 c5 6. c3 Nbd7 7. Be2 O-O 8. O-O
b6 9. a4 Bb7 10. Qb3 Qc8 11. Rfc1 Re8 12. h3 e5 13. dxe5 Nxe5 14. Nxe5 Rxe5 15.
Bf4 Re8 16. a5 Qe6 17. Bb5 Rec8 18. a6 Bc6 19. Nf3 Ne4 20. Bxc6 Qxc6 21. Qd1 c4
22. Be5 Nc5 23. Bxg7 Kxg7 24. Nd4 Qf6 25. Rc2 Rab8 26. Nf3 Nd3 27. Ne1 Nxe1 28.
Qxe1 b5 29. Rd2 Rc5 30. Rd4 Rb6 31. Qd2 Rxa6 32. Rxa6 Qxa6 33. Rxd5 Rxd5 34.
Qxd5 Qa1+ 35. Kh2 1/2-1/2